[Event "Montreal op U2000"]
[Site "Montreal CAN"]
[Date "2011.09.10"]
[Round "2"]
[White "Chesnut, Walter"]
[Black "Gilbert, Erick"]
[Result "0-1"]
[WhiteElo "1648"]
[BlackElo "1805"]
[PlyCount "116"]
[GameId "2160767909648498"]
[EventDate "2011.09.09"]
[EventType "swiss"]
[EventRounds "5"]
[EventCountry "CAN"]
[SourceTitle "EXT 2022"]
[Source "ChessBase"]
[SourceDate "2021.10.06"]
[SourceVersion "1"]
[SourceVersionDate "2021.10.06"]
[SourceQuality "1"]

1. e4 c5 2. Nf3 g6 3. d4 Bg7 4. c4 cxd4 5. Nxd4 Qb6 6. Nb3 d6 7. Be2 Nf6 8. Nc3 Nc6 9. O-O O-O 10. Be3 Qd8 11. Nd4 a6 12. Re1 Bd7 13. f3 Rc8 14. Nxc6 Bxc6 15. Qd2 Re8 16. Red1 Qa5 17. Bd4 Nh5 18. Bxg7 Kxg7 19. b3 Nf6 20. Nd5 Qxd2 21. Rxd2 Bxd5 22. exd5 Rc7 23. Rad1 a5 24. Kf2 Nd7 25. a3 Ra8 26. Bf1 b6 27. Re1 Nf6 28. Rde2 Kf8 29. g4 g5 30. a4 Re8 31. Re3 Nd7 32. Bd3 h6 33. Kg3 Nc5 34. Bf5 Kg7 35. h4 gxh4+ 36. Kxh4 e5 37. f4 f6 38. Kh5 Rce7 39. Bg6 Rd8 40. fxe5 fxe5 41. Rf1 e4 42. Rf5 Rh8 43. Rf4 Re5+ 44. Rf5 Rxf5+ 45. gxf5 Nd7 46. Kg4 Nf6+ 47. Kh4 Kf8 48. b4 Ke7 49. bxa5 bxa5 50. Rb3 Rd8 51. Kg3 Rd7 52. Kf4 Rc7 53. Rb5 Rxc4 54. Rxa5 Rc3 55. Bh5 Nxh5+ 56. Kxe4 Nf6+ 57. Kd4 Rc7 58. Ra8 h5 0-1

[Event "Montreal op U2000"]
[Site "Montreal CAN"]
[Date "2011.09.10"]
[Round "2"]
[White "Cote-Lalumiere, Tristan"]
[Black "Blanchette, Rene"]
[Result "1-0"]
[WhiteElo "1911"]
[BlackElo "1592"]
[PlyCount "87"]
[GameId "2160767909648499"]
[EventDate "2011.09.09"]
[EventType "swiss"]
[EventRounds "5"]
[EventCountry "CAN"]
[SourceTitle "EXT 2022"]
[Source "ChessBase"]
[SourceDate "2021.10.06"]
[SourceVersion "1"]
[SourceVersionDate "2021.10.06"]
[SourceQuality "1"]

1. e4 Nf6 2. e5 Nd5 3. d4 d6 4. Bc4 Nb6 5. e6 Nxc4 6. exf7+ Kxf7 7. Qf3+ Ke8 8. Qh5+ g6 9. Qb5+ Qd7 10. Qxc4 Qe6+ 11. Qe2 Qxe2+ 12. Nxe2 Bf5 13. c3 Nc6 14. O-O Bg7 15. Ng3 Bxb1 16. Rxb1 e6 17. Re1 Kd7 18. Be3 Rae8 19. Rbd1 Ne7 20. Ne4 h6 21. h3 Nf5 22. Bf4 g5 23. Bh2 Rhf8 24. Ng3 c6 25. Nh5 Bh8 26. Re2 Ng7 27. Ng3 Nf5 28. Ne4 b6 29. g4 d5 30. gxf5 dxe4 31. fxe6+ Rxe6 32. Be5 Bxe5 33. dxe5+ Ke7 34. Rxe4 Rf5 35. Rde1 Kf7 36. Kg2 Kg6 37. Kg3 h5 38. f3 h4+ 39. Kf2 Rf7 40. Ke3 Kf5 41. f4 g4 42. hxg4+ Kxg4 43. f5+ Kxf5 44. Rf4+ 1-0

[Event "Montreal op U2000"]
[Site "Montreal CAN"]
[Date "2011.09.10"]
[Round "2"]
[White "Desmarais, Serge"]
[Black "Morin, Louis"]
[Result "0-1"]
[WhiteElo "1654"]
[BlackElo "1861"]
[PlyCount "44"]
[GameId "2160767909648500"]
[EventDate "2011.09.09"]
[EventType "swiss"]
[EventRounds "5"]
[EventCountry "CAN"]
[SourceTitle "EXT 2022"]
[Source "ChessBase"]
[SourceDate "2021.10.06"]
[SourceVersion "1"]
[SourceVersionDate "2021.10.06"]
[SourceQuality "1"]

1. d4 e5 2. dxe5 Nc6 3. Bf4 g5 4. Bg3 Bg7 5. Nf3 h5 6. h4 g4 7. Nd4 Nge7 8. c3 Nxe5 9. Qc2 d5 10. e4 c5 11. Bb5+ Kf8 12. Nb3 c4 13. Nd4 a6 14. O-O axb5 15. Bxe5 Bxe5 16. f4 Bxd4+ 17. cxd4 dxe4 18. Qxe4 Nf5 19. d5 Qb6+ 20. Kh2 Qd4 21. Qe2 Bd7 22. Nc3 Re8 0-1

[Event "Montreal op U2000"]
[Site "Montreal CAN"]
[Date "2011.09.10"]
[Round "2"]
[White "Duplessis, Jean-Roch"]
[Black "Baril Boudreau, Felix"]
[Result "0-1"]
[WhiteElo "1730"]
[BlackElo "1525"]
[PlyCount "74"]
[GameId "2160767909648501"]
[EventDate "2011.09.09"]
[EventType "swiss"]
[EventRounds "5"]
[EventCountry "CAN"]
[SourceTitle "EXT 2022"]
[Source "ChessBase"]
[SourceDate "2021.10.06"]
[SourceVersion "1"]
[SourceVersionDate "2021.10.06"]
[SourceQuality "1"]

1. e4 d5 2. exd5 Nf6 3. Nc3 Nxd5 4. Qf3 Nxc3 5. dxc3 e5 6. Bc4 Qd7 7. Qg3 Nc6 8. Nf3 Qg4 9. Bb5 Bd6 10. O-O Qxg3 11. hxg3 O-O 12. Bxc6 bxc6 13. Re1 Re8 14. c4 c5 15. Nd2 f5 16. f3 e4 17. f4 g5 18. Nf1 Be6 19. b3 Rad8 20. Be3 gxf4 21. gxf4 Rd7 22. Rad1 Rg7 23. Bc1 Kf7 24. Ne3 Reg8 25. Bb2 Rg3 26. Be5 Bxe5 27. fxe5 f4 28. Nd5 Rxg2+ 29. Kh1 R2g4 30. Rd2 f3 31. Rh2 Bxd5 32. cxd5 e3 33. Rxh7+ Kg6 34. Rh2 f2 35. Rg2 Rh8+ 36. Rh2 Rxh2+ 37. Kxh2 e2 0-1

[Event "Montreal op U2000"]
[Site "Montreal CAN"]
[Date "2011.09.10"]
[Round "2"]
[White "Giroux, Robert"]
[Black "Sarrazin-Gendron, Roman"]
[Result "0-1"]
[WhiteElo "1834"]
[BlackElo "1954"]
[PlyCount "56"]
[GameId "2160767909648503"]
[EventDate "2011.09.09"]
[EventType "swiss"]
[EventRounds "5"]
[EventCountry "CAN"]
[SourceTitle "EXT 2022"]
[Source "ChessBase"]
[SourceDate "2021.10.06"]
[SourceVersion "1"]
[SourceVersionDate "2021.10.06"]
[SourceQuality "1"]

1. Nf3 Nf6 2. c4 g6 3. g3 Bg7 4. Bg2 O-O 5. d4 c5 6. Nc3 Nc6 7. O-O d6 8. d5 Nb4 9. a3 Na6 10. e4 e6 11. dxe6 Bxe6 12. e5 Ne8 13. Qe2 Qb6 14. Nd5 Bxd5 15. cxd5 dxe5 16. Nxe5 Rd8 17. Nc4 Qb5 18. Qc2 Nac7 19. Rd1 Bd4 20. Be3 Nxd5 21. Bxd4 cxd4 22. Rxd4 Nb4 23. Qd2 Rxd4 24. Qxd4 Nc2 25. Qf4 Nxa1 26. b4 Qf5 27. Qh4 Nb3 28. Be4 Qf6 0-1

[Event "Montreal op U2000"]
[Site "Montreal CAN"]
[Date "2011.09.10"]
[Round "2"]
[White "Goldner, John"]
[Black "Joanis, Marc-Andre"]
[Result "1-0"]
[WhiteElo "1648"]
[BlackElo "1767"]
[PlyCount "31"]
[GameId "2160767909648504"]
[EventDate "2011.09.09"]
[EventType "swiss"]
[EventRounds "5"]
[EventCountry "CAN"]
[SourceTitle "EXT 2022"]
[Source "ChessBase"]
[SourceDate "2021.10.06"]
[SourceVersion "1"]
[SourceVersionDate "2021.10.06"]
[SourceQuality "1"]

1. e4 c5 2. Nf3 d6 3. d4 cxd4 4. Nxd4 Nf6 5. Nc3 a6 6. Bg5 e6 7. f4 Qc7 8. Qf3 Nc6 9. O-O-O e5 10. Bxf6 Nxd4 11. Rxd4 exd4 12. Nd5 Qa5 13. b4 Qxa2 14. Bxd4 f5 15. Nc7+ Kf7 16. Qc3 1-0

[Event "Montreal op U2000"]
[Site "Montreal CAN"]
[Date "2011.09.10"]
[Round "2"]
[White "Lalumiere, Claude"]
[Black "Medawar, Jean-Marc"]
[Result "1-0"]
[WhiteElo "1778"]
[BlackElo "1645"]
[PlyCount "122"]
[GameId "2160767909648506"]
[EventDate "2011.09.09"]
[EventType "swiss"]
[EventRounds "5"]
[EventCountry "CAN"]
[SourceTitle "EXT 2022"]
[Source "ChessBase"]
[SourceDate "2021.10.06"]
[SourceVersion "1"]
[SourceVersionDate "2021.10.06"]
[SourceQuality "1"]

1. e4 e5 2. f4 d5 3. Nf3 exf4 4. exd5 Nf6 5. Bb5+ Bd7 6. Bxd7+ Qxd7 7. c4 Bc5 8. d4 Bb4+ 9. Nc3 O-O 10. O-O Bxc3 11. bxc3 Qg4 12. Qd3 Nbd7 13. h3 Qg3 14. Qf5 Nb6 15. Bxf4 Qg6 16. Qxg6 fxg6 17. d6 Nxc4 18. dxc7 Nd5 19. Bh2 Rfc8 20. Rab1 b6 21. Rbe1 Nxc3 22. Re7 Nd5 23. Rd7 Nf6 24. Re7 Nd5 25. Re2 Nxc7 26. Rc1 Nd5 27. Rec2 b5 28. a4 Nb4 29. Re2 bxa4 30. Re7 Nd5 31. Rb7 a3 32. Ng5 Rc6 33. Rf1 Nce3 34. Ra1 Nc2 35. Ra2 Re8 36. Rxa7 Re1+ 37. Kf2 Rf6+ 38. Nf3 Rc1 39. Be5 Rf7 40. Ra8+ Rf8 41. Ra7 Nf6 42. Ke2 Nb4 43. R2xa3 Rfc8 44. Rb7 R8c2+ 45. Nd2 Nbd5 46. Ra8+ Rc8 47. Raa7 Ne8 48. Bxg7 R8c3 49. Be5 Re3+ 50. Kf2 Rc2 51. Rxh7 Rxd2+ 52. Kg1 Rxe5 53. dxe5 Ne3 54. Rhe7 Rxg2+ 55. Kh1 Kf8 56. Rf7+ Kg8 57. Rf3 Re2 58. Ra8 Re1+ 59. Kh2 Re2+ 60. Kg3 Nf5+ 61. Kf4 Kh7 1-0

[Event "Montreal op U2000"]
[Site "Montreal CAN"]
[Date "2011.09.10"]
[Round "2"]
[White "Leitch, Darcy"]
[Black "Bleau, John"]
[Result "0-1"]
[WhiteElo "1815"]
[BlackElo "1966"]
[PlyCount "54"]
[GameId "2160767909648507"]
[EventDate "2011.09.09"]
[EventType "swiss"]
[EventRounds "5"]
[EventCountry "CAN"]
[SourceTitle "EXT 2022"]
[Source "ChessBase"]
[SourceDate "2021.10.06"]
[SourceVersion "1"]
[SourceVersionDate "2021.10.06"]
[SourceQuality "1"]

1. d4 Nf6 2. Nf3 g6 3. c4 c5 4. g3 Bg7 5. Bg2 O-O 6. O-O cxd4 7. Nxd4 Nc6 8. Nc3 Qb6 9. Nb3 d6 10. Be3 Qd8 11. h3 Be6 12. Nd4 Nxd4 13. Bxd4 Qc8 14. Kh2 Qxc4 15. Rc1 Ng4+ 16. hxg4 Qxd4 17. Qxd4 Bxd4 18. Nb5 Bxb2 19. Rb1 Bf6 20. Nc7 Bxa2 21. Rxb7 Rab8 22. Rxa7 Bc4 23. Re1 Rb2 24. Bf3 e6 25. Kg2 d5 26. Ra3 Rb7 27. Na8 Rbb8 0-1

[Event "Montreal op U2000"]
[Site "Montreal CAN"]
[Date "2011.09.10"]
[Round "2"]
[White "Lopez Linares, Lizandro"]
[Black "Scheele, Markus"]
[Result "1-0"]
[WhiteElo "1981"]
[BlackElo "1800"]
[PlyCount "81"]
[GameId "2160767909648508"]
[EventDate "2011.09.09"]
[EventType "swiss"]
[EventRounds "5"]
[EventCountry "CAN"]
[SourceTitle "EXT 2022"]
[Source "ChessBase"]
[SourceDate "2021.10.06"]
[SourceVersion "1"]
[SourceVersionDate "2021.10.06"]
[SourceQuality "1"]

1. d4 d5 2. Nf3 Nf6 3. c4 e6 4. Nc3 Be7 5. Bg5 O-O 6. e3 h6 7. Bxf6 Bxf6 8. cxd5 exd5 9. h3 c6 10. Bd3 Re8 11. O-O Be6 12. b4 Nd7 13. Rb1 a5 14. a3 axb4 15. axb4 Ra3 16. Qc2 Qa8 17. Rfc1 Qa7 18. b5 Ra8 19. bxc6 bxc6 20. Ne2 c5 21. dxc5 Ra2 22. Qd1 Nxc5 23. Nfd4 Nxd3 24. Qxd3 Qa5 25. Nxe6 Rd2 26. Qf5 Rxe2 27. Nf4 Rd2 28. Nh5 Bc3 29. Qg4 Qa2 30. Qg3 Re8 31. Kh2 Rc2 32. Kg1 Be5 33. Qf3 Rec8 34. Rf1 d4 35. Rbd1 dxe3 36. Qxe3 Re2 37. Qf3 Rcc2 38. Rd8+ Kh7 39. Qf5+ g6 40. Nf6+ Bxf6 41. Qxf6 1-0

[Event "Montreal op U2000"]
[Site "Montreal CAN"]
[Date "2011.09.10"]
[Round "2"]
[White "Mathews, Theo"]
[Black "Boudkeev, Timour"]
[Result "0-1"]
[WhiteElo "1721"]
[BlackElo "1849"]
[PlyCount "70"]
[GameId "2160767909648509"]
[EventDate "2011.09.09"]
[EventType "swiss"]
[EventRounds "5"]
[EventCountry "CAN"]
[SourceTitle "EXT 2022"]
[Source "ChessBase"]
[SourceDate "2021.10.06"]
[SourceVersion "1"]
[SourceVersionDate "2021.10.06"]
[SourceQuality "1"]

1. d4 Nf6 2. c4 g6 3. Nc3 Bg7 4. e4 d6 5. f3 O-O 6. Be3 Nbd7 7. Bd3 c5 8. dxc5 Nxc5 9. Bc2 b6 10. Nge2 Qc7 11. O-O Ba6 12. b3 Rfd8 13. Rc1 Rac8 14. Bb1 Qd7 15. Qd2 b5 16. cxb5 Bxb5 17. Nxb5 Qxb5 18. b4 Na6 19. a3 Qb7 20. Rxc8 Rxc8 21. Rc1 Rxc1+ 22. Qxc1 Nd7 23. Bd3 Ne5 24. Bb1 Nb8 25. Ba2 Nec6 26. Bd5 Qa6 27. Qc2 e6 28. Bxc6 Nxc6 29. f4 Qxa3 30. Kf2 Nxb4 31. Qc8+ Bf8 32. f5 Nd3+ 33. Kf3 exf5 34. exf5 Ne5+ 35. Kf2 Ng4+ 0-1

[Event "Montreal op U2000"]
[Site "Montreal CAN"]
[Date "2011.09.10"]
[Round "2"]
[White "Mathieu, Guillaume"]
[Black "Nikulich, Oleksandr"]
[Result "1-0"]
[WhiteElo "1613"]
[BlackElo "1932"]
[PlyCount "113"]
[GameId "2160767909648510"]
[EventDate "2011.09.09"]
[EventType "swiss"]
[EventRounds "5"]
[EventCountry "CAN"]
[SourceTitle "EXT 2022"]
[Source "ChessBase"]
[SourceDate "2021.10.06"]
[SourceVersion "1"]
[SourceVersionDate "2021.10.06"]
[SourceQuality "1"]

1. c4 Nf6 2. g3 g6 3. Nc3 c5 4. e4 Nc6 5. Bg2 Bg7 6. Nge2 d6 7. O-O O-O 8. d3 Ne8 9. Be3 Nc7 10. Qd2 Ne6 11. Bh6 Ned4 12. Bxg7 Kxg7 13. h3 Bxh3 14. Nxd4 Nxd4 15. Ne2 Nxe2+ 16. Qxe2 Bc8 17. f4 e5 18. Qf2 b6 19. f5 f6 20. g4 g5 21. Bf3 h5 22. gxh5 Kh6 23. Bg4 Rh8 24. Qe2 Bd7 25. Rf2 Kg7 26. a4 Qc8 27. Rh2 Rh6 28. Kf2 Qa6 29. b3 Qa5 30. Qe1 Qxe1+ 31. Rxe1 Kf7 32. Ra1 Ke7 33. Ke3 Kd8 34. Kd2 Kc7 35. Kc3 Kb7 36. Rha2 Be8 37. Rh2 Bf7 38. Rha2 Be8 39. Rh2 Bc6 40. Rha2 Rb8 41. Kd2 Kc7 42. Kc3 Kd7 43. Rb2 Ke7 44. b4 Kf7 45. b5 Be8 46. a5 Kg8 47. axb6 axb6 48. Ra7 Kh8 49. Rba2 Rh7 50. Ra8 Rhb7 51. R2a7 Rxa8 52. Rxa8 Re7 53. Rb8 Kh7 54. Rxb6 Rd7 55. Rb8 Bf7 56. b6 Kg7 57. b7 1-0

[Event "Montreal op U2000"]
[Site "Montreal CAN"]
[Date "2011.09.10"]
[Round "2"]
[White "Mireault, Sylvain"]
[Black "Haussler, Daniel"]
[Result "1/2-1/2"]
[WhiteElo "1674"]
[BlackElo "1952"]
[PlyCount "195"]
[GameId "2160767909648511"]
[EventDate "2011.09.09"]
[EventType "swiss"]
[EventRounds "5"]
[EventCountry "CAN"]
[SourceTitle "EXT 2022"]
[Source "ChessBase"]
[SourceDate "2021.10.06"]
[SourceVersion "1"]
[SourceVersionDate "2021.10.06"]
[SourceQuality "1"]

1. Nf3 c5 2. d3 Nc6 3. e4 g6 4. g3 Bg7 5. Bg2 d6 6. O-O e5 7. Nbd2 Nge7 8. c3 h6 9. Nc4 Be6 10. Ne3 O-O 11. Nd2 f5 12. exf5 Nxf5 13. Nxf5 Bxf5 14. Qb3+ d5 15. Qxd5+ Qxd5 16. Bxd5+ Kh7 17. Be4 Rad8 18. Re1 Rfe8 19. Nf1 Rxd3 20. Bxd3 Bxd3 21. f3 b5 22. Be3 c4 23. Bf2 b4 24. Nd2 bxc3 25. bxc3 e4 26. Nxe4 Rb8 27. Rec1 Ne5 28. Kg2 Rb2 29. Re1 Be2 30. Rxe2 Rxe2 31. Kf1 Rc2 32. f4 Nf3 33. h3 Bxc3 34. Nxc3 Rxc3 35. Rd1 Rc2 36. Rd7+ Kg8 37. Rxa7 c3 38. a4 Ra2 39. Rc7 Nd2+ 40. Ke1 Ne4 41. Be3 Rxa4 42. Ke2 Nxg3+ 43. Kd3 Ra2 44. Rxc3 Rh2 45. Rc8+ Kf7 46. Rc7+ Ke6 47. Rc6+ Ke7 48. Rxg6 Rxh3 49. Bc5+ Kf7 50. Ra6 Nh5+ 51. Ke2 Nxf4+ 52. Kf1 h5 53. Kg1 Rc3 54. Bb4 Rc2 55. Bd6 Nh3+ 56. Kf1 Kg6 57. Be7+ Kf5 58. Ra5+ Kg4 59. Ra4+ Kg3 60. Ra3+ Kg4 61. Ra4+ Kf5 62. Ra5+ Kg6 63. Ra6+ Kf7 64. Bd8 Rc4 65. Ra5 Nf4 66. Rb5 Ke6 67. Ra5 Nd5 68. Ra6+ Kf5 69. Rh6 Kg4 70. Rg6+ Kf3 71. Ke1 Re4+ 72. Kd2 Rd4+ 73. Kc1 h4 74. Bxh4 Rxh4 75. Rg8 Rh2 76. Re8 Nc3 77. Re7 Ne4 78. Ra7 Ke3 79. Ra3+ Kd4 80. Rf3 Nc3 81. Rf8 Ne2+ 82. Kc2 Nf4+ 83. Kb3 Nd5 84. Rd8 Rh3+ 85. Kc2 Rc3+ 86. Kd2 Rg3 87. Ke2 Ke4 88. Re8+ Kf5 89. Rf8+ Nf6 90. Kf2 Rc3 91. Ke2 Ke5 92. Kd2 Nd5 93. Re8+ Kd4 94. Ke2 Rd3 95. Rd8 Re3+ 96. Kf2 Ra3 97. Kg2 Ke4 98. Re8+ 1/2-1/2

[Event "Montreal op U2000"]
[Site "Montreal CAN"]
[Date "2011.09.10"]
[Round "2"]
[White "Paduano, Gennaro"]
[Black "Ma, Indy"]
[Result "1-0"]
[WhiteElo "1956"]
[BlackElo "1736"]
[PlyCount "45"]
[GameId "2160767909648512"]
[EventDate "2011.09.09"]
[EventType "swiss"]
[EventRounds "5"]
[EventCountry "CAN"]
[SourceTitle "EXT 2022"]
[Source "ChessBase"]
[SourceDate "2021.10.06"]
[SourceVersion "1"]
[SourceVersionDate "2021.10.06"]
[SourceQuality "1"]

1. e4 c5 2. Nc3 d6 3. f4 Nf6 4. Nf3 Nc6 5. Bb5 Bd7 6. O-O e6 7. d3 Be7 8. Qe1 Nd4 9. Nxd4 cxd4 10. Bxd7+ Qxd7 11. Ne2 e5 12. Ng3 Qg4 13. Nf5 Nh5 14. fxe5 dxe5 15. Nxe7 Kxe7 16. Qb4+ Ke6 17. Qc4+ Ke7 18. Qc7+ Qd7 19. Rxf7+ Kxf7 20. Qxd7+ Kf8 21. b3 Kg8 22. Qe6+ Kf8 23. Ba3# 1-0

[Event "Montreal op U2000"]
[Site "Montreal CAN"]
[Date "2011.09.10"]
[Round "2"]
[White "Perna-Fraser, David"]
[Black "Dominique, Vladimir"]
[Result "0-1"]
[WhiteElo "1630"]
[BlackElo "1829"]
[PlyCount "108"]
[GameId "2160767909648513"]
[EventDate "2011.09.09"]
[EventType "swiss"]
[EventRounds "5"]
[EventCountry "CAN"]
[SourceTitle "EXT 2022"]
[Source "ChessBase"]
[SourceDate "2021.10.06"]
[SourceVersion "1"]
[SourceVersionDate "2021.10.06"]
[SourceQuality "1"]

1. e4 c5 2. Nf3 d6 3. d4 cxd4 4. Nxd4 Nc6 5. Bb5 Bd7 6. Nc3 Nf6 7. O-O e6 8. Re1 Be7 9. Re3 O-O 10. Bxc6 Bxc6 11. Nxc6 bxc6 12. Rg3 Qa5 13. Bh6 Nh5 14. Bxg7 Nxg7 15. Qg4 Bf6 16. Ne2 Kh8 17. c3 Qh5 18. Qxh5 Nxh5 19. Rh3 Ng7 20. Rd1 d5 21. exd5 exd5 22. Rh6 Be5 23. f4 Nf5 24. Rxc6 Bg7 25. Rc7 Rfe8 26. Rxd5 Rxe2 27. Rxf5 f6 28. Rfc5 Bf8 29. Rc8 Rxc8 30. Rxc8 Kg7 31. Rc7+ Kg6 32. Kf1 Rxb2 33. Rxa7 Bc5 34. f5+ Kh6 35. Rc7 Rf2+ 36. Ke1 Rxf5 37. Rc6 Be7 38. Re6 Re5+ 39. Rxe5 fxe5 40. Ke2 Kg5 41. a4 h5 42. a5 Kf5 43. a6 Bc5 44. Kf3 e4+ 45. Ke2 e3 46. Kf3 Ba7 47. g3 Bb6 48. h3 Ba7 49. Ke2 Ke4 50. c4 Bc5 51. g4 hxg4 52. hxg4 Kf4 53. g5 Kxg5 54. Kf3 Kf5 0-1

[Event "Montreal op U2000"]
[Site "Montreal CAN"]
[Date "2011.09.10"]
[Round "2"]
[White "Sprumont, Oscar"]
[Black "He, Shao Hang"]
[Result "0-1"]
[WhiteElo "1701"]
[BlackElo "1609"]
[PlyCount "59"]
[GameId "2160767909648514"]
[EventDate "2011.09.09"]
[EventType "swiss"]
[EventRounds "5"]
[EventCountry "CAN"]
[SourceTitle "EXT 2022"]
[Source "ChessBase"]
[SourceDate "2021.10.06"]
[SourceVersion "1"]
[SourceVersionDate "2021.10.06"]
[SourceQuality "1"]

1. e4 c5 2. Nc3 Nc6 3. g3 g6 4. Bg2 Bg7 5. d3 d6 6. f4 Rb8 7. Nf3 b5 8. O-O Nd4 9. Nd5 e6 10. Ne3 b4 11. Kh1 Ne7 12. Nh4 O-O 13. Bh3 f5 14. Bg2 Qc7 15. exf5 exf5 16. Nd5 Nxd5 17. Bxd5+ Kh8 18. Kg1 Re8 19. Rf2 Bb7 20. Bxb7 Qxb7 21. Nf3 Re7 22. Kf1 Rbe8 23. a3 Nxf3 24. Qxf3 Qxf3 25. Rxf3 Re1+ 26. Kg2 Bd4 27. c3 R8e2+ 28. Kh3 Rh1 29. Kh4 Bf6+ 30. Kh3 0-1

[Event "Montreal op U2000"]
[Site "Montreal CAN"]
[Date "2011.09.10"]
[Round "2"]
[White "Wan, Kevin"]
[Black "Corrigan, Michael"]
[Result "1/2-1/2"]
[WhiteElo "1806"]
[BlackElo "1730"]
[PlyCount "133"]
[GameId "2160767909648515"]
[EventDate "2011.09.09"]
[EventType "swiss"]
[EventRounds "5"]
[EventCountry "CAN"]
[SourceTitle "EXT 2022"]
[Source "ChessBase"]
[SourceDate "2021.10.06"]
[SourceVersion "1"]
[SourceVersionDate "2021.10.06"]
[SourceQuality "1"]

1. e4 c5 2. Nf3 e6 3. d4 cxd4 4. Nxd4 a6 5. Nc3 Qc7 6. a3 Nf6 7. Be2 Nc6 8. Be3 Be7 9. O-O O-O 10. f4 d6 11. Qd2 Bd7 12. Rad1 Rad8 13. f5 Nxd4 14. Bxd4 e5 15. Be3 Bc6 16. Bf3 b5 17. Qf2 Qb7 18. Bg5 Kh8 19. Bxf6 Bxf6 20. Nd5 Bxd5 21. Rxd5 Rd7 22. Rfd1 Qc6 23. Qd2 Be7 24. c3 h6 25. g3 Bg5 26. Qd3 Rfd8 27. Kg2 Qb6 28. h4 Be7 29. Bg4 Bf6 30. Rd2 Kg8 31. Bd1 Be7 32. a4 bxa4 33. Bxa4 Rc7 34. b3 Rc5 35. c4 Rc7 36. Qc3 g5 37. Qf3 f6 38. h5 Bf8 39. g4 Rc5 40. Qc3 Be7 41. b4 Rxd5 42. Rxd5 Rb8 43. b5 a5 44. Qb3 Kg7 45. Qc3 Rc8 46. Bb3 Bd8 47. Qd3 Be7 48. Qd2 Rc7 49. Qf2 Rc5 50. Rxc5 Qxc5 51. Qd2 Bd8 52. Qf2 Bb6 53. Qxc5 Bxc5 54. Kf3 Kf8 55. Ke2 Ke7 56. Kd3 Kd7 57. Kc3 Kc7 58. Ba2 Kb6 59. Kb3 Bb4 60. Kc2 Kc5 61. Kd3 a4 62. Bb1 Ba5 63. Ba2 Kb4 64. Kc2 Bb6 65. Kb2 Bd4+ 66. Kc2 a3 67. Bb3 1/2-1/2

[Event "Montreal op U2000"]
[Site "Montreal CAN"]
[Date "2011.09.10"]
[Round "2"]
[White "Wang, Yan"]
[Black "Guo, Forest"]
[Result "0-1"]
[WhiteElo "1587"]
[BlackElo "1897"]
[PlyCount "86"]
[GameId "2160767909648516"]
[EventDate "2011.09.09"]
[EventType "swiss"]
[EventRounds "5"]
[EventCountry "CAN"]
[SourceTitle "EXT 2022"]
[Source "ChessBase"]
[SourceDate "2021.10.06"]
[SourceVersion "1"]
[SourceVersionDate "2021.10.06"]
[SourceQuality "1"]

1. e4 c5 2. Nf3 d6 3. c3 Nf6 4. Be2 e6 5. O-O Be7 6. d3 O-O 7. h3 Nc6 8. Be3 Qc7 9. Nbd2 d5 10. exd5 Nxd5 11. Nb3 Nxe3 12. fxe3 b6 13. d4 cxd4 14. exd4 Bb7 15. Nbd2 Rad8 16. Nc4 Bf6 17. Qc2 g6 18. Rac1 Bg7 19. Rfd1 Ne7 20. Nce5 Nf5 21. Qa4 Bh6 22. Rb1 Ne3 23. Re1 f6 24. Ng4 Nxg4 25. hxg4 Be3+ 26. Kh1 Qg3 27. Bf1 Bf2 28. Re2 Bxf3 29. Rxf2 Qxf2 30. gxf3 Qxf3+ 31. Bg2 Qxg4 32. Qxa7 e5 33. d5 e4 34. c4 Rd6 35. Qe7 Rd7 36. Qb4 e3 37. Qxb6 Qh5+ 38. Kg1 Qe5 39. Qa5 f5 40. c5 f4 41. Bf3 Qg5+ 42. Kh1 Qh4+ 43. Kg1 Qf2+ 0-1

[Event "Montreal op U2000"]
[Site "Montreal CAN"]
[Date "2011.09.10"]
[Round "2"]
[White "Wu, Qiyou"]
[Black "Shi, Ling Yun"]
[Result "1-0"]
[WhiteElo "1903"]
[BlackElo "1569"]
[PlyCount "165"]
[GameId "2160767909648517"]
[EventDate "2011.09.09"]
[EventType "swiss"]
[EventRounds "5"]
[EventCountry "CAN"]
[SourceTitle "EXT 2022"]
[Source "ChessBase"]
[SourceDate "2021.10.06"]
[SourceVersion "1"]
[SourceVersionDate "2021.10.06"]
[SourceQuality "1"]

1. e4 c5 2. Nf3 d6 3. Bb5+ Bd7 4. Bxd7+ Nxd7 5. O-O g6 6. d4 cxd4 7. Nxd4 Ngf6 8. Nc3 Bg7 9. Nb3 O-O 10. Be3 Ne5 11. Bd4 Nc6 12. Be3 a6 13. f3 b5 14. Ne2 Nd7 15. Nbd4 Nxd4 16. Bxd4 Ne5 17. Kh1 Nc4 18. Bxg7 Kxg7 19. b3 Ne5 20. f4 Ng4 21. Qd4+ Nf6 22. f5 Kg8 23. Rf3 Qc8 24. Rc3 Qb7 25. fxg6 fxg6 26. Ng3 Rac8 27. Re1 Rxc3 28. Qxc3 Qb6 29. h3 Qc5 30. Qxc5 dxc5 31. Rd1 e5 32. Kg1 Kg7 33. Rd6 a5 34. Ra6 c4 35. bxc4 bxc4 36. Rxa5 Re8 37. a4 Rd8 38. Rxe5 Rd1+ 39. Kh2 Rc1 40. Re7+ Kf8 41. Rc7 Rxc2 42. e5 Nd5 43. Rxh7 Nf4 44. Ne4 Rxg2+ 45. Kh1 Re2 46. Ng5 Rxe5 47. Rf7+ Kg8 48. Rxf4 Rxg5 49. Rxc4 Rg3 50. h4 Ra3 51. Kg2 Kg7 52. Kf2 Kf6 53. Ke2 Ke5 54. Kd2 Kd5 55. Rg4 Kc5 56. a5 Kb5 57. Rg5+ Ka6 58. Ke2 Rh3 59. Rxg6+ Kxa5 60. Rg4 Kb6 61. Kf2 Kc6 62. Kg2 Re3 63. Rd4 Re5 64. Kg3 Rd5 65. Re4 Kd6 66. Kf4 Rd1 67. Kg5 Rg1+ 68. Kh5 Kd5 69. Re3 Rh1 70. Kg5 Rg1+ 71. Kh6 Rh1 72. h5 Rh2 73. Kg6 Rg2+ 74. Kh7 Rh2 75. h6 Rh1 76. Kg7 Rg1+ 77. Kh8 Rh1 78. h7 Rg1 79. Re8 Kd6 80. Rg8 Rc1 81. Kg7 Rg1+ 82. Kf7 Rf1+ 83. Kg6 1-0